| 000 | 00757nam a2200229Ii 4500 | ||
|---|---|---|---|
| 003 | JO-AjNU | ||
| 008 | 230605s9999||||xx |||||||||||||| ||und|| | ||
| 017 | _a2005/2/218 | ||
| 020 | _a9957-38-026-5 | ||
| 040 |
_aJO-AjNU _bara _erda _cJO-AjNU |
||
| 041 | _aara | ||
| 050 | 1 | 4 | _aLC903.Q32 2005 |
| 100 | 3 |
_aالقادري،أحمد رشيد مؤلف/أبو شريخ،شاهر ذيب, _eauthor _917555 |
|
| 245 | 0 | 0 | _aالفكر التربوي الإسلامي |
| 250 | _aط1 | ||
| 264 | 3 | 1 | _aعمان:دار جرير،2005 |
| 300 | _a181ص | ||
| 336 |
_atext _btxt _2rdacontent |
||
| 337 |
_aunmediated _bn _2rdamedia |
||
| 338 |
_avolume _bnc _2rdacarrier |
||
| 650 | 4 |
_aالفكر الإسلامي-الثقافة-الحضارة الإسلامية _917556 |
|
| 999 |
_aA5445 _c9013 _d9013 |
||